Actuar y omitir : delitos de comisión y de omisión /

Guardado en:
Autor Principal: Struensee, Eberhard
Otros Autores: Ziffer, Patricia S., (trad.)
Formato: Libro
Idioma:Spanish
Publicado: Bogotá : Universidad externado de Colombia, 1996
Edición:1a. ed.
Materias:
Etiquetas: Agregar Etiqueta
Sin Etiquetas, Sea el primero en etiquetar este registro!
LEADER 00571nam a22001695a 4500
001 DER.der000310
008 180615s1996####ag#||||||||||||||#||spa||
005 20241031154954.0
245 1 0 |a Actuar y omitir :  |b delitos de comisión y de omisión /  |c Eberhard Struensee, traducido por Patricia S: Ziffer. 
250 |a 1a. ed. 
260 |a Bogotá :  |b Universidad externado de Colombia,  |c 1996 
300 |a 47 p. 
020 |a 9586162338 
100 1 |a Struensee, Eberhard 
700 1 |a Ziffer, Patricia S.,  |e trad. 
650 7 |a DERECHO PENAL 
859 |a DERECHO  |b BIB. DERECHO  |h 345.02  |i STR  |p 001076